Lanean...

Structure of sociological theory

Xehetasun bibliografikoak
Egile nagusia: Turner, Jonathan H
Formatua: Printed Book
Argitaratua: USA Wadsworth Thomson 2003
Edizioa:7
LEADER 00381nam a22001217a 4500
082 |a 301  |b TUR 
100 |a Turner, Jonathan H 
245 |a Structure of sociological theory 
250 |a 7 
260 |a USA  |b Wadsworth  |b Thomson  |c 2003 
942 |c BK 
999 |c 23334  |d 23334 
952 |0 0  |1 0  |4 0  |6 301_000000000000000_TUR  |7 0  |9 25976  |a CAMPUS  |b CAMPUS  |d 2019-01-14  |l 0  |o 301 TUR  |p 11046  |r 2019-01-14  |w 2019-01-14  |y BK